Municípios do Pará com mais de 100 mil habitantes - Statistics

Estatísticas Gerais
  • Esse quiz foi jogado 19 vezes
  • A pontuação média é 10 de 15
Estatísticas das Respostas
População Município % Correto
1.397.315 Belém
100%
290.975 Marabá
100%
509.227 Ananindeua
88%
360.871 Santarém
88%
138.749 Altamira
81%
209.126 Castanhal
75%
305.771 Parauapebas
69%
144.344 Cametá
63%
132.489 Bragança
56%
113.498 Paragominas
56%
116.058 Breves
50%
119.437 Marituba
50%
172.344 Abaetetuba
38%
135.369 Itaituba
38%
139.076 Barcarena
31%
Nenhum quiz correspondente encontrado
Distribuição das Pontuações
Porcentagem de Pessoas com Cada Pontuação
Percentil de Números Respondidos
Sua Pontuação Histórica
Você não jogou esse quiz